Groundwater Vulnerability Assessment of Lahore City based on Modified DRASTIC Model in GIS / (Record no. 534663)

000 -LEADER
fixed length control field 00650nam a22001697a 4500
020 ## - INTERNATIONAL STANDARD BOOK NUMBER
Qualifying information Hard Cover.
082 ## - DEWEY DECIMAL CLASSIFICATION NUMBER
Classification number 621.3678
100 ## - MAIN ENTRY--PERSONAL NAME
Personal name Shahid Umair, Syed
245 ## - TITLE STATEMENT
Title Groundwater Vulnerability Assessment of Lahore City based on Modified DRASTIC Model in GIS /
Statement of responsibility, etc. Syed Umair Shahid.
260 ## - PUBLICATION, DISTRIBUTION, ETC.
Place of publication, distribution, etc. Islamabad :
Name of publisher, distributor, etc. IGIS(SCEE) - NUST,
Date of publication, distribution, etc. 2017.
300 ## - PHYSICAL DESCRIPTION
Extent viii, 106 p. ill. ;
Dimensions 30cm.
650 ## - SUBJECT ADDED ENTRY--TOPICAL TERM
Topical term or geographic name entry element PhD-Remote Sensing and Geographical Information Systems
700 ## - ADDED ENTRY--PERSONAL NAME
Personal name Supervisor:Dr. Javed Iqbal.
856 ## - Uniform Resource Identifier
Uniform Resource Identifier <a href="http://10.250.8.41:8080/xmlui/handle/123456789/20333">http://10.250.8.41:8080/xmlui/handle/123456789/20333</a>
942 ## - ADDED ENTRY ELEMENTS (KOHA)
Source of classification or shelving scheme
Koha item type Soft Copy
650 ## - SUBJECT ADDED ENTRY--TOPICAL TERM
-- 123886
Holdings
Withdrawn status Lost status Source of classification or shelving scheme Damaged status Not for loan Permanent Location Current Location Shelving location Date acquired Full call number Barcode Date last seen Price effective from Koha item type
          Central Library (CL) Central Library (CL) Thesis 03/14/2020 200 CLPT-382 03/14/2020 03/14/2020 Soft Copy
© 2023 Central Library, National University of Sciences and Technology. All Rights Reserved.